[Event "DV FR-ch U18"]
[Site "Vladivostok"]
[Date "2007.11.05"]
[Round "4"]
[White "Kharitonov, Egor"]
[Black "Burachenok, Dmitri"]
[Result "0-1"]
[WhiteElo "2336"]
[BlackElo "2176"]
[PlyCount "50"]
[EventDate "2007.11.02"]
[EventType "swiss"]
[EventRounds "9"]
[EventCountry "RUS"]
[SourceTitle "EXT 2022"]
[Source "ChessBase"]
[SourceDate "2021.10.06"]
[SourceVersion "1"]
[SourceVersionDate "2021.10.06"]
[SourceQuality "1"]

1. e4 e6 2. d4 d5 3. Nd2 c5 4. Ngf3 cxd4 5. Nxd4 Nc6 6. Bb5 Bd7 7. Nxc6 bxc6 8. Bd3 Ne7 9. Nf3 Ng6 10. Qe2 Be7 11. e5 c5 12. c4 Qc7 13. h4 Nf8 14. 0-0 Bc6 15. Bf4 Qb7 16. h5 d4 17. Rfe1 f5 18. exf6 gxf6 19. Nd2 Rg8 20. f3 f5 21. b4 cxb4 22. c5 Bxc5 23. Rac1 Bb6 24. Rxc6 Qxc6 25. Bb5 d3+ 0-1